000
00267nam a2200109Ia 4500
005
20251222153638.0
008
251222s9999||||xx |||||||||||||| ||spa||
082
_a
658.001/T41/Ej.2
100
_a
"Terry, George"
245
0
_a
Principios de administraciyn
942
_c
LIB
999
_c
32618
_d
32618